000 00302nam a22001337a 4500
008 170808b xxu||||| |||| 00| 0 eng d
020 _a9781599180304
041 _aeng
080 _a004
100 _a35
101 _aSHK
245 _aULTIMATE GUIDE TO GOOGLE ADWORDS
_cMARSHALL.P
942 _2udc
_cBK
999 _c22906
_d22906